00370nam a2200157Ia 4500003000400000005001700004008004100021040000700062041000800069082001700077100001800094245005000112260002200162365001300184650001500197OSt20230603123949.0210423s2001 xx 000 0 und d cAL aeng a658 PRUE223 aPRASAD (Ajit) aExtremely short cases on strategic management bExcel Booksc2001 b150cINR aManagement